Milan metro stations - Statistics

General Stats
  • This quiz has been taken 285 times
  • The average score is 56 of 113
Answer Stats
Line Answer % Correct
M1 | M3 Duomo
87%
M2 | M3 Centrale
86%
M2 Porta Garibaldi
82%
M1 | M2 Cadorna
75%
M1 Rho Fiera
75%
M1 | M2 Loreto
74%
M1 Porta Venezia
74%
M1 San Babila
74%
M3 | M5 Zara
72%
M5 Garibaldi
71%
M1 Cairoli
69%
M2 Porta Genova
67%
M1 Cordusio
66%
M5 San Siro Stadio
66%
M1 Lima
65%
M1 | M5 Lotto
64%
M3 Porta Romana
64%
M3 San Donato
64%
M1 Bisceglie
61%
M2 Lambrate
61%
M3 Montenapoleone
60%
M2 Sant'Ambrogio
60%
M2 Abbiategrasso
59%
M2 Gioia
58%
M3 Lodi TIBB
58%
M1 QT8
58%
M3 Rogoredo
57%
M3 Comasina
56%
M2 Gessate
56%
M3 Missori
56%
M2 Piola
56%
M3 Repubblica
56%
M2 Lanza
55%
M2 Sant'Agostino
55%
M5 Tre Torri
55%
M2 Udine
55%
M3 Crocetta
54%
M2 Cologno Nord
53%
M2 Moscova
53%
M1 Palestro
52%
M1 Sesto Marelli
52%
M1 Sesto 1° Maggio FS
51%
M2 Assago Forum
50%
M2 Caiazzo
50%
M2 Cascina Gobba
50%
M3 Turati
50%
M1 Wagner
50%
M1 Bande Nere
49%
M1 Conciliazione
49%
M5 Gerusalemme
49%
M5 Bignami
48%
M1 Turro
48%
M5 Bicocca
47%
M3 Corvetto
47%
M5 Isola
47%
M1 Lampugnano
47%
M1 Pagano
47%
M2 Romolo
47%
M5 San Siro Ippodromo
47%
M1 Uruguay
47%
M3 Affori
46%
M2 Cologno Centro
46%
M2 Cologno Sud
46%
M1 Sesto Rondò
45%
M2 Famagosta
44%
M3 Porto di Mare
44%
M3 Sondrio
44%
M1 Gorla
43%
M2 Gorgonzola
42%
M1 Pasteur
42%
M1 Pero
41%
M1 Precotto
41%
M1 Buonarroti
40%
M3 Maciachini
40%
M1 Molino Dorino
40%
M5 Monumentale
40%
M1 Amendola
39%
M5 Domodossola
39%
M2 Cernusco sul Naviglio
37%
M2 Crescenzago
37%
M1 Inganni
37%
M1 Rovereto
37%
M3 Brenta
36%
M5 Marche
36%
M1 Villa San Giovanni
36%
M3 Affori Centro
34%
M2 Cassina de' Pecchi
34%
M5 Cenisio
34%
M2 Cimiano
34%
M1 De Angeli
34%
M1 San Leonardo
34%
M1 Bonola
33%
M5 Ca' Granda
33%
M3 Dergano
33%
M1 Gambara
33%
M5 Istria
32%
M2 Vimodrone
32%
M1 Primaticcio
31%
M5 Ponale
28%
M5 Portello
28%
M2 Assago Nord
26%
M5 Segesta
26%
M2 Cascina Antonietta
23%
M2 Bussero
19%
M2 Villa Pompea
19%
M2 Cascina Burrona
18%
M2 Villa Fiorita
18%
No matching quizzes found
Score Distribution
Percent of People with Each Score
Percentile by Number Answered
Your Score History
You have not taken this quiz